25 plus grandes villes de Bourgogne-Franche-Comté - Statistiques

Statistiques générales
  • Ce quiz a été pris 145 fois
  • Le résultat moyen est 14 sur 25
Statistiques - réponses
Hint Réponse % Correct
159 346 Dijon
99%
119 198 Besançon
96%
34 448 Mâcon
87%
34 778 Auxerre
86%
45 155 Belfort
85%
23 775 Dole
82%
32 830 Nevers
80%
20 032 Beaune
77%
45 031 Chalon-sur-Saône
77%
15 130 Vesoul
77%
17 043 Lons-le-Saunier
75%
25 573 Montbéliard
73%
27 034 Sens
68%
17 849 Pontarlier
58%
20 731 Le Creusot
57%
13 145 Autun
53%
14 445 Chenôve
41%
16 831 Montceau-les-Mines
35%
11 894 Talant
34%
13 944 Audincourt
27%
10 478 Héricourt
25%
9 437 Cosne-Cours-sur-Loire
20%
10 765 Valentigney
17%
9 239 Paray-le-Monial
15%
10 944 Chevigny-Saint-Saveur
1%
Aucun quiz correspondant
Distribution des résultats
% des personnes avec chaque résultat
Percentile par nombre de réponses
Votre historique - résultats
Vous n’avez pas pris ce quiz